000 00390cam a2200169 4500
001 D12766
008 090401t xxu||||| |||| 00| 0 eng d
035 _a(Sirsi) u5589
041 _aeng
100 _aFox-Andrews, James
245 4 _aThe Landlord and Tenant Act 1954
260 _aLondon
_bEstates Gazette
_cnd
350 _a0
520 _aShelf 116
942 _n0
948 _c04/03/1997
999 _c86192
_d86192